History Quiz

Random History or Clickable Quiz
Score 0/20 Timer 05:00
1 Play Today
% Correct
Albert Einstein
96.9%
Henry Ford
96.8%
Ronald Reagan
96.3%
Franklin D. Roosevelt
95.8%
Joseph Stalin
95%
Nelson Mandela
95%
Anne of Cleves
94.6%
Fidel Castro
93.5%
Marie Curie
91.9%
Pol Pot
91.2%
% Correct
Nadia Comăneci
88.1%
Dante Alighieri
87.5%
Edmund Hillary
87.2%
Harriet Tubman
86.9%
Mohandas Gandhi
85.8%
Billie Jean King
84.7%
Emmeline Pankhurst
83.3%
Franz Beckenbauer
82.7%
Michael Collins
82.5%
Julius Caesar
79.5%
Remove Ads.
Support Sporcle.
Get the best of Sporcle when you Go Orange. This ad-free experience offers more features, more stats, and more fun while also helping to support Sporcle. Thank you for becoming a member.

You're not logged in!

Compare scores with friends on all Sporcle quizzes.
OR
Log In

Show Comments

Extras

Top Quizzes Today


Score Distribution

Your Account Isn't Verified!

In order to create a playlist on Sporcle, you need to verify the email address you used during registration. Go to your Sporcle Settings to finish the process.

Report this User

Report this user for behavior that violates our Community Guidelines.

Details: